000 00587nam a22001817a 4500
999 _c184501
_d184501
005 20220121112839.0
010 _aENG-131298
020 _a978-93-5322-208-6
_c195.00
035 _aEN-114830
037 _bDBAD
082 _a000
100 _aSaxena, R.C.
245 _aSSC Multi-Tasking Staff (Non-Technical):
_bComputer Based Examination-2021/
_cR.C. Saxena
260 _aNew Delhi
_bPrabhat Exam
_c2019
270 _bNew Delhi
_a4/19, Asaf Ali Road
_e110002
_k23289555, 23289666
_mprabhatbook@gmail.com
300 _a156p.
_c28cm(pbk)
942 _2ddc
_cEN
_h000
_mSAX